| 000 | 00638cam a2200229 a 4500 | ||
|---|---|---|---|
| 001 | 4750276 | ||
| 003 | OSt | ||
| 005 | 20250901165811.0 | ||
| 008 | 850402s1985 nyu 000 1 eng | ||
| 010 | _a 85007852 | ||
| 020 | _a0070333297 | ||
| 040 |
_aDLC _cDLC _dDLC _dOCoLC |
||
| 050 | 0 | 0 |
_aPS 3561 .A777 O6 1985 _bO6 1985 |
| 082 | 0 | 0 |
_a813/.54 _219 |
| 100 | 1 |
_aKatz, William, _d1940- |
|
| 245 | 1 | 0 |
_aOpen house / _cWilliam Katz. |
| 260 |
_aNew York : _bMcGraw-Hill, _cc1985. |
||
| 300 |
_a271 p. ; _c24 cm. |
||
| 655 | 7 |
_aDetective and mystery stories. _2gsafd |
|
| 906 |
_a7 _bcbc _corignew _d1 _eocip _f19 _gy-gencatlg |
||
| 942 |
_2lcc _cBK |
||
| 999 |
_c9391 _d9391 |
||